The Bible and you; (Record no. 149)
[ view plain ]
| 000 -LEADER | |
|---|---|
| fixed length control field | 00738cam a2200265I 4500 |
| 001 - CONTROL NUMBER | |
| control field | 20088 |
| 003 - CONTROL NUMBER IDENTIFIER | |
| control field | GBCCL |
| 005 - DATE AND TIME OF LATEST TRANSACTION | |
| control field | 20241126110331.0 |
| 008 - FIXED-LENGTH DATA ELEMENTS--GENERAL INFORMATION | |
| fixed length control field | 720519s1953 xx 000 0 eng u |
| 010 ## - | |
| -- | 53006348 |
| 035 ## - SYSTEM CONTROL NUMBER | |
| System control number | (OCoLC)00312598 |
| 040 ## - CATALOGING SOURCE | |
| Transcribing agency | CCL |
| Modifying agency | OCL |
| 049 ## - | |
| -- | LBBK |
| 082 ## - DEWEY DECIMAL CLASSIFICATION NUMBER | |
| Classification number | 220.07 |
| Item number | BLA |
| 090 ## - LOCALLY ASSIGNED LC-TYPE CALL NUMBER (OCLC); LOCAL CALL NUMBER (RLIN) | |
| Classification number (OCLC) (R) ; Classification number, CALL (RLIN) (NR) | BS 617 |
| Local cutter number (OCLC) ; Book number/undivided call number, CALL (RLIN) | .B57 |
| 092 ## - LOCALLY ASSIGNED DEWEY CALL NUMBER (OCLC) | |
| Classification number | 220 |
| Item number | B635 |
| 100 1# - MAIN ENTRY--PERSONAL NAME | |
| Personal name | Blair, Edward Payson, |
| Dates associated with a name | 1910- |
| 9 (RLIN) | 1884 |
| 245 14 - TITLE STATEMENT | |
| Title | The Bible and you; |
| Remainder of title | a guide for reading the Bible in the revised standard version. |
| 260 ## - PUBLICATION, DISTRIBUTION, ETC. | |
| Place of publication, distribution, etc. | Nashville, |
| Name of publisher, distributor, etc. | Abingdon Press |
| Date of publication, distribution, etc. | [1953] |
| 300 ## - PHYSICAL DESCRIPTION | |
| Extent | 154p. |
| Dimensions | 20 cm. |
| 504 ## - BIBLIOGRAPHY, ETC. NOTE | |
| Bibliography, etc. note | Includes bibliography. |
| 630 00 - SUBJECT ADDED ENTRY--UNIFORM TITLE | |
| Uniform title | Bible |
| General subdivision | Reading. |
| 9 (RLIN) | 1885 |
| 630 00 - SUBJECT ADDED ENTRY--UNIFORM TITLE | |
| Uniform title | Bible |
| General subdivision | Study and teaching. |
| 9 (RLIN) | 498 |
| 942 ## - ADDED ENTRY ELEMENTS (KOHA) | |
| Source of classification or shelving scheme | Dewey Decimal Classification |
| Koha item type | Books |
| Withdrawn status | Lost status | Source of classification or shelving scheme | Damaged status | Not for loan | Home library | Current Library | Shelving location | Date acquired | Total checkouts | Full call number | Barcode | Date last seen | Copy number | Price effective from | Koha item type |
|---|---|---|---|---|---|---|---|---|---|---|---|---|---|---|---|
| Dewey Decimal Classification | GRACE BIBLE COLLEGE | GRACE BIBLE COLLEGE | Biblical Studies | 2016-05-27 | 220.07 BLA | 004484 | 2025-05-01 | c.1 | 2016-05-27 | Books |